000 00375nam a2200145Ia 4500
005 20241114011848.0
008 240331s9999 xx 000 0 und d
082 _bSUB
_a823
100 _aSubasinghe, L
245 4 _aThe Twins and other stories
260 _aColombo
_bWomen's Education Centre Publication
_c1988
300 _a112 p .,
650 _aShort Stories
942 _cL
999 _c2643
_d2643